000 00559cam a2200193 4500
001 WB3601-24
008 000000n1999 000 0 eng u
035 _a(Sirsi) u103295
245 _aBarriers crumbling
260 _c1999
490 _aDaily Telegraph
_v20 December 1999, 3(1)
520 _aDiscusses various internet initialives in the commercial property market.
590 _aWB
650 _aINTERNET
650 0 _aALLSOP AND CO
650 0 _aCOMPROPERTY.COM
690 _aMANAGEMENT-BUSINESS MANAGEMENT-INFORMATION MANAGEMENT
942 _n0
999 _c62076
_d62076